| 000 | 00631nam a22002177a 4500 | ||
|---|---|---|---|
| 005 | 20140703113333.0 | ||
| 008 | 140703b xxu||||| |||| 00| 0 eng d | ||
| 020 |
_a9780571214891 _c686 |
||
| 040 | _aLoreto College | ||
| 041 | _aEnglish | ||
| 082 |
_a822.309 _bTRU |
||
| 100 | _aTrussler, Simon | ||
| 245 |
_aElizabethan and Jacobean drama _cSimon Trussler |
||
| 260 |
_aLondon _bFaber and Faber _c2006 |
||
| 300 |
_axv,269p _b20 cm |
||
| 440 | _aThe Faber pocket guide | ||
| 650 |
_aDrama in Engllish _aDrama in Engllish _yElizabethan period |
||
| 650 |
_aDrama in English _yJacobean period |
||
| 850 | _aLCLIB | ||
| 942 | _cBK | ||
| 999 |
_c39327 _d89806 |
||